|
|
|
|
| LEADER |
01568nam a2200397 a 4500 |
| 001 |
EBC1586641 |
| 003 |
MiAaPQ |
| 005 |
20200520144314.0 |
| 006 |
m o d | |
| 007 |
cr cn||||||||| |
| 008 |
080611s2008 dcua sb 000 0 eng d |
| 010 |
|
|
|z 2008274158
|
| 020 |
|
|
|z 9781589067004
|
| 020 |
|
|
|z 1589067002
|
| 035 |
|
|
|a (MiAaPQ)EBC1586641
|
| 035 |
|
|
|a (Au-PeEL)EBL1586641
|
| 035 |
|
|
|a (CaPaEBR)ebr10300226
|
| 035 |
|
|
|a (OCoLC)867926569
|
| 040 |
|
|
|a MiAaPQ
|c MiAaPQ
|d MiAaPQ
|
| 050 |
|
4 |
|a HG3881.5.I58
|b I5673 2008
|
| 245 |
0 |
4 |
|a The IMF's data dissemination initiative after 10 years
|h [electronic resource] /
|c edited by William E. Alexander, John Cady, and Jesus Gonzalez-Garcia.
|
| 260 |
|
|
|a [Washington, DC] :
|b International Monetary Fund,
|c c2008.
|
| 300 |
|
|
|a vi, 130 p. :
|b ill.
|
| 504 |
|
|
|a Includes bibliographical references.
|
| 533 |
|
|
|a Electronic reproduction. Ann Arbor, MI : ProQuest, 2015. Available via World Wide Web. Access may be limited to ProQuest affiliated libraries.
|
| 610 |
2 |
0 |
|a International Monetary Fund
|x Standards.
|
| 650 |
|
0 |
|a Disclosure of information.
|
| 650 |
|
0 |
|a International finance
|x Statistics
|x Standards.
|
| 650 |
|
0 |
|a Economic indicators
|x Standards.
|
| 655 |
|
4 |
|a Electronic books.
|
| 700 |
1 |
|
|a Alexander, William E.
|q (William Edward),
|d 1936-
|
| 700 |
1 |
|
|a Cady, John,
|d 1955-
|
| 700 |
1 |
|
|a Gonzalez-Garcia, Jesus.
|
| 710 |
2 |
|
|a International Monetary Fund.
|
| 710 |
2 |
|
|a ProQuest (Firm)
|
| 856 |
4 |
0 |
|u https://ebookcentral.proquest.com/lib/matrademy/detail.action?docID=1586641
|z Click to View
|